|
|
|
|
| LEADER |
00000nam a2200000 a 4500 |
| 001 |
vtls001466228 |
| 003 |
SK-MaSNL |
| 005 |
20260301121750.0 |
| 008 |
040114s2003 US a 0 eng |
| 020 |
|
|
|a 0824742591
|
| 020 |
|
|
|a 0824720806
|
| 035 |
|
|
|a SNK000421533
|
| 040 |
|
|
|a SNK
|b slo
|c SNK
|e AACR2
|
| 044 |
|
|
|a US
|a CH
|
| 072 |
|
7 |
|a 02
|x Knihovníctvo. Informatika
|2 konspekt
|
| 080 |
|
|
|a 02
|2 1981
|
| 080 |
|
|
|a 01
|2 1981
|
| 080 |
|
|
|a 007+004
|2 1981
|
| 080 |
|
|
|a (031)
|2 1981
|
| 245 |
1 |
|
|a Encyclopedia of library and information science
|c edited by Miriam A. Drake
|n Volume 3, Lib - Pub
|
| 250 |
|
|
|a 2nd ed.
|
| 260 |
|
|
|a New York [etc.]
|b Marcel Dekker
|c c2003
|
| 300 |
|
|
|a S. xviii, 1591-2378, 64
|b ilustr., fotogr.
|c 29 cm
|
| 650 |
0 |
7 |
|a knihovníctvo
|2 SNK
|9 1557
|
| 650 |
0 |
7 |
|a bibliografia
|2 SNK
|9 24254
|
| 650 |
0 |
7 |
|a informatika
|2 SNK
|9 1124
|
| 650 |
0 |
7 |
|a informačné technológie
|2 phsnk
|9 1527
|
| 655 |
|
7 |
|a encyklopédie
|2 SNK
|9 28776
|
| 655 |
|
7 |
|a výkladové slovníky
|2 SNK
|9 69007
|
| 700 |
1 |
|
|a Drake, Miriam A.
|4 edi
|9 466348
|
| 919 |
|
|
|a 0-8247-4259-1
|
| 919 |
|
|
|a 0-8247-2080-6
|
| 999 |
|
|
|c 730563
|d 732493
|
| 952 |
|
|
|a SNK
|b SNK
|y VYP
|7 0
|p 17A0408789
|o snkIB 70609/3
|i snkZK 110/2004
|0 0
|1 0
|4 0
|d 2004-01-14
|l 0
|r 2005-01-02 00:00:00
|w 2026-02-23
|
| 952 |
|
|
|a SNK
|b SNK
|y VYP
|7 0
|p 17A0453654
|o snkIB 70609/3 D1
|i snkK 1220/2004
|8 3
|0 0
|1 1
|4 0
|d 2004-12-14
|l 0
|r 2005-01-02 00:00:00
|w 2026-02-23
|